The Office UK - Hard Quiz Stats

 Plays Quiz not verified by Sporcle

Score 0/20 Timer 07:00
0 Plays Today
Question Answer % Correct
What is Gareth's rank in the TA?Lieutenant
62.3%
What room number is Rowan staying in when roleplaying as a hotel guest?362
46.7%
How much did Brent spend releasing his own single?£42,000
46.7%
At which conference did Brent and Neil once meet?Ipswich
39.9%
What is the name of the venue Gareth went go-karting at?Superkarts
37.9%
Which city in Florida do Lee and Dawn live in?Tampa
36.7%
Which type of animal is there a poster of on reception?Monkey
31.4%
What brand of jelly did Tim put Gareth's stapler in?Rowntree's
30.7%
Who provides the voice of Paul Shepherd, the man who leaves two messages on Brent's answerphone?Stephen Merchant
30.3%
Where does Rachel say her family has a holiday home?The New Forest
24.5%
Question Answer % Correct
How much does The Office raise for Comic Relief?£120
23.5%
What brand of shirt does Finchy wear to Chasers?Ciro Citterio
23.3%
Which The Corrs song is playing that causes an argument between Brent and Neil?Dreams
20.8%
Which popstar is there a calendar of in the office kitchen?Cliff Richard
19%
What sandwich does Lee bring Dawn in the Comic Relief episode?Prawn and Avocado
16.9%
What time does the speaking clock announce when Brent pretends to call Finchy?4:21pm
15.5%
At Brent's motivational speaking gig, which company does fellow speaker Mark Fround work for?Sound Investments
14.3%
Which three things does Brent list as his way of making cutbacks to Jennifer?Efficiency, turnover, profitability
9.3%
The actor who played Ricky the temp in the original pilot of The Office, played which character in series two?Tony
5.8%
Which DJ plays the compere at Mumbo Jumbo's?Greg Burns
3.7%

You're not logged in!

Compare scores with friends on all Sporcle quizzes.
OR
Log In

Show Comments

Extras

Top Quizzes Today


Score Distribution

Your Account Isn't Verified!

In order to create a playlist on Sporcle, you need to verify the email address you used during registration. Go to your Sporcle Settings to finish the process.

Report this User

Report this user for behavior that violates our Community Guidelines.

Details: